| 000 | 00824nac a22002411u 4500 | ||
|---|---|---|---|
| 010 | _a 2005902434 | ||
| 020 | _a0672327910 (pbk.) | ||
| 035 | _a(OCoLC)ocm60794307 | ||
| 082 | 0 | 0 |
_a005.7585 _bKUM |
| 090 |
_c5197 _d5197 |
||
| 100 | _aKumar R., Arun. | ||
| 245 | 1 | 0 |
_aOracle database 10g insider solutions / _cArun Kumar R., John Kanagaraj, Richard Stoupe. |
| 260 |
_aIndianapolis, Ind. : _bSams,2006 _cc2006. |
||
| 300 |
_axv, 467 p. : _bill. ; _c24 cm. |
||
| 500 | _aIncludes index. | ||
| 500 | _adistributer: Al-Ahram | ||
| 511 | _acatalogued by: wessam | ||
| 650 | 0 | _aRelational databases. | |
| 700 | 1 | _aKanagaraj, John. | |
| 700 | 1 | _aStroupe, Richard. | |
| 856 | 4 | 1 |
_3Table of contents _uhttp://www.loc.gov/catdir/toc/fy0606/2005902434.html |
| 942 |
_cBB _k005.7585KUM |
||
| 999 |
_c5197 _d5197 |
||